[Event "Reggio Emilia-A 51st"]
[Site "Reggio Emilia"]
[Date "2008.12.28"]
[Round "2"]
[White "Almasi, Zoltan"]
[Black "Marin, Mihail"]
[Result "1-0"]
[WhiteElo "2663"]
[BlackElo "2556"]
[Annotator "Marin,M"]
[PlyCount "85"]
[EventDate "2008.12.27"]
[EventType "tourn"]
[EventRounds "9"]
[EventCountry "ITA"]
[EventCategory "14"]
[SourceTitle "CBM 128"]
[Source "ChessBase"]
[SourceDate "2009.01.28"]
[SourceVersion "1"]
[SourceVersionDate "2009.01.28"]
[SourceQuality "1"]

1. e4 d6 {Almasi had defeated me in the Ruy Lopez twice already, so I felt
like resorting to my trusted Pirc.} 2. d4 Nf6 3. Nc3 g6 4. Bg5 Bg7 5. Qd2 h6 6.
Bh4 g5 7. Bg3 Nh5 8. O-O-O {So far, no surprises. We both had this position in
our repertoire.} Nc6 ({Previously, I had played} 8... Nd7 {in a couple of
games, but then I abandoned it because of the pawn sacrifice} 9. e5 $5 dxe5 10.
dxe5 {designed by no other than... Almasi!!!} {I also tried the greedy} Nxg3 ({
At first, Black rejected the sacrifice with} 10... e6 11. Qe2 $1 ({This is a
strong improvement over the initial game, which continued with} 11. Be2 Nxg3
12. hxg3 Qe7 13. f4 Nb6 14. Nf3 Bd7 $13 {and Black was OK in Almasi,Z (2595)
-Beliavsky,A (2665)/Niksic 1997/EXT 2002 (1/2, 36)}) 11... Nxg3 12. hxg3 Qe7
13. f4 $14 {with a passive position for Black in Motylev,A (2570)-Marin,M 
(2604)/Bucharest 2001/CBM 082/[Finkel,A] (1-0, 30)}) 11. hxg3 Bxe5 12. f4 gxf4
({After} 12... Bg7 {, which prevents the opening of the third file, I would be
afraid of} 13. fxg5 hxg5 14. Qxg5 $5 $40) 13. gxf4 Bg7 14. Rh3 $1 {This move
was played by Iulia Ionica against my wife, in a game that remained unrecorded,
unfortunately. Black has huge problems completing his development.} ({Prior to
that, I had faced the less dangerous} 14. Ne4 c6 15. Qe1 Qc7 16. Nd6+ Kf8 17.
Nxc8 Rxc8 18. g3 Nf6 19. Nf3 Rd8 20. Rxd8+ Qxd8 21. Bc4 {1/2 Vallejo Pons,F 
(2635)-Marin,M (2556)/Mondariz 2002/CBM 091 ext}) 14... e6 15. Rd3 O-O {
Otherwise, it is not easy to make a move with Black.} 16. Rxd7 Bxd7 17. Qxd7
Qxd7 18. Rxd7 Rac8 $14 {Black does not have sufficient compensation for the
sacrificed material, Korneev,O (2657)-Peralta,F (2574)/Barcelona 2006/CBM 115 
(1/2, 81)}) 9. Nge2 {Almasi took his time before playing this move.} ({In an
old game, he had tried} 9. Bb5 Bd7 10. Nge2 e6 11. Rhe1 ({I was going to play
following the model of the next game:} 11. f3 Nxg3 12. hxg3 a6 13. Bxc6 Bxc6
14. g4 Qe7 15. Ng3 Rg8 16. Rhe1 O-O-O 17. Nh5 Bh8 18. Nd5 Qf8 19. Ne3 Kb8 {
with a solid position for Black, Tiviakov,S (2655)-Markowski,T (2530)/Polanica
Zdroj 1995/CBM 049/[Hecht] (0-1, 81)}) 11... O-O ({This looks risky, but is
not without sense after the rook's departure from h1. I would have tried to
transpose above with} 11... a6) 12. f3 Nxg3 13. hxg3 a6 14. Bxc6 Bxc6 15. g4 b5
16. Ng3 b4 17. Nce2 a5 18. Rh1 Bb5 19. Nh5 Bh8 20. Qe3 Qe7 21. e5 dxe5 22. dxe5
Rfd8 23. Nd4 Rd5 24. f4 gxf4 25. Qxf4 {White has made some strategic
concessions and his attacking chances are not too clear yet. In the game
Almasi,Z (2590)-Markowski,T (2470)/Odorheiu Secuiesc 1995/CBM 047 (1-0, 41)
Black could have tried} Bxe5 {and if} 26. Qxh6 {then} Bxd4 27. Rxd4 Qg5+ 28.
Qxg5+ Rxg5 $15) 9... Bd7 10. f3 ({Since this is a family opening, my wife had
once faced} 10. Qe3 e6 ({Chernin recommends} 10... e5 $5) 11. h4 Nxg3 12. Nxg3
Rg8 13. Nh5 Bh8 14. g3 Qe7 15. f4 gxf4 16. gxf4 O-O-O 17. e5 Nb4 $13 {Fluvia
Poyatos,J (2480)-Marin,L (2166)/Banyoles 2007/CBM 119 ext (1-0, 38)}) 10...
Nxg3 11. hxg3 e6 12. f4 {This is a solid positional approach.} (12. d5 {
is more ambitious, but has the drawback of weakening the long diagonal.} Ne7
13. Nd4 Ng6 14. Bc4 Qf6 15. Ncb5 (15. Ndb5 Bxb5 16. Bxb5+ Ke7 17. e5 $5 Nxe5
18. Ne4 $44) 15... O-O 16. dxe6 Bxb5 17. Bxb5 $6 {The position is enormously
complicated, but White goes astray now.} (17. exf7+ Kh7 18. Bxb5 c5 19. Rxh6+
$3 {admittedly, not an easy move to find.} Bxh6 20. Nf5 $44 {[%cal Gd1h1]} Ne7
$8 21. Qxd6 Qxd6 22. Nxd6 $44 {White has a lot of pawns for the sacrificed
rook and may get some more soon.}) 17... c5 18. e5 Qxe5 19. e7 Rfe8 $17 {
L'Ami,E (2438)-Nyback,T (2459)/Hengelo 2002/CBM 089 ext (0-1, 26)}) 12... Qf6 {
This move was recommended by Chernin in the book Pirc Alert!} (12... Qe7 13. d5
exd5 14. Nxd5 $16) 13. e5 dxe5 14. fxe5 $146 ({I remember that, when I
analyzed this line several years ago, I was more worried about} 14. dxe5 {
, but then discovered that} Qe7 15. Ne4 O-O-O 16. N2c3 Kb8 $1 {is OK for Black.
In the meanwhile, the following game has been played:} 17. a3 Bc8 18. Bd3 {
and now, in Horvath,T (2435)-Leib,A (2230)/Saas Almagell 2005/CBM 107 ext (1-0,
53) Black should have played} b6 $11) 14... Qe7 {Chernin ends his analysis
here.} ({During the game, I also considered} 14... Qg6 $5 {briefly, with the
aim of preventing an early knight move to e4. I rejected it mainly because of
my great respect for Chernin, but also because I was too lazy to calculate
whether my queen gets into danger after} 15. g4 O-O-O 16. Ng3 {Apparently,
Black is doing well after} f6 17. Bd3 Qf7 $132) 15. Ne4 O-O-O 16. N2c3 f5 $8 {
Black has to open the centre before White completes his development, otherwise
he would remain passive for the rest of the game.} (16... Kb8 17. Qf2 $14 {><f6
}) 17. exf6 Bxf6 18. Nxf6 Qxf6 {White's more compact structure is compensated
for by his slight lag in development.} 19. Ne4 Qf5 20. Nc5 (20. Bd3 Qd5 $1 {
><d4, a2}) 20... Qd5 21. c4 Qd6 {White has been moving around with his knight,
but his development is incomplete still and his d4-pawn relatively weak.} 22.
Qe3 $1 (22. Ne4 Qe7 23. Be2 Kb8 24. Qe3 Bc8 $132 {[%csl Gd4][%cal Ge7g7,Gb7b6,
Gc8b7] /\Qg7}) 22... Ne7 $6 {[%cal Gc8b8,Gd7c8,Gb7b6,Ge7f5] My first really
long thought of the game produced an unfortunate move. The plan illustrated
with arrows is just too slow.} (22... Kb8 $6 23. d5 $1 exd5 $2 24. Rxd5 $18) ({
I rejected} 22... e5 $1 23. d5 Nd4 {for subjective reasons. One day earlier,
Almasi had defeated Landa by slowly advancing his kingside majority (4Ps vs
3Ps). Now, the situation would be reversed in the mirror and I did not want to
give him the opportunity to demonstrate a similar plan on the queenside.
However, Black seems to be fine after} 24. Ne4 (24. Nd3 Rhe8 25. Nxe5 $2 c5 $1
26. dxc6 Bxc6 $17) 24... Qb6 25. Kb1 (25. Bd3 $4 Nb3+ $1) 25... Rhf8 26. Bd3
Bf5 $13) 23. g4 {[%csl Rf5]} Kb8 24. Be2 Bc8 25. Rd3 $1 b6 26. Bf3 $1 $14 {
Unfortunately, Black cannot activate his bishop so easily, because of the
exposed position of his king.} Ng6 27. Kb1 $1 (27. Ne4 Qf4 $11) 27... Nh4 28.
Be4 e5 {The only way to complicate the game.} 29. Nb3 $138 {Almasi played this
move instantly, since he started being short of time.} ({I had been
calculating something along the following lines, hoping the endgame would not
be too difficult to defend.} 29. dxe5 Qxe5 30. g3 Ng6 (30... Rhe8 31. Rxd8 Rxd8
32. Nd3 Qd4 33. Qxd4 Rxd4 34. Nf2 Rxe4 35. Nxe4 Bb7 36. Kc1 Bxe4 37. Re1 $16)
31. Bxg6 Qxe3 32. Rxe3 Rd6 $1 33. Be4 bxc5 $14) 29... Rhe8 $2 $138 (29... Bxg4
$1 $13) 30. d5 $6 {Finally, Almasi has got his favourite structure, with a
mobile majority on the wing where the kings have castled...} ({However, I was
more afraid of} 30. Na5 $1 {and rightly so!} Bd7 (30... exd4 31. Rxd4 Rxe4 32.
Qxe4 $1 $18) 31. g3 $16) 30... Bxg4 $1 {Black can fight on, but now we were
getting into mutual time trouble, which explains the frequent mistakes from
both sides.} 31. c5 bxc5 (31... Qd7 $5 32. d6 Nf5 $13) 32. Na5 $6 (32. Nxc5 $1
$16) 32... Nf5 33. Rb3+ Ka8 $2 {Not a good square for the king, obviously...} (
33... Kc8 $1 $13) 34. Qd3 (34. Qc3 Rb8) 34... Nd4 35. Nb7 Be2 $2 (35... c4 $1
36. Qxc4 Nxb3 37. Qxb3 Qb6 38. Nxd8 Qxb3 39. d6+ c6 40. axb3 Rxd8 41. Bxc6+ Kb8
42. Rxh6 Bf5+ 43. Ka1 Rc8 44. Bb5 e4 $132) 36. Qc3 $18 Qa6 37. Nxc5 Qc4 38. d6+
c6 39. d7 Nxb3 40. dxe8=Q Rxe8 41. Qxc4 Bxc4 42. Bxc6+ Kb8 43. axb3 1-0

[Event "Corus-B"]
[Site "Wijk aan Zee"]
[Date "2009.02.01"]
[Round "13"]
[White "Motylev, Alexander"]
[Black "Kasimdzhanov, Rustam"]
[Result "1-0"]
[WhiteElo "2676"]
[BlackElo "2687"]
[Annotator "Marin,M"]
[PlyCount "149"]
[EventDate "2009.01.17"]
[EventType "tourn"]
[EventRounds "13"]
[EventCountry "NED"]
[EventCategory "16"]
[SourceTitle "CBM 129"]
[Source "ChessBase"]
[SourceDate "2009.03.25"]
[SourceVersion "1"]
[SourceVersionDate "2009.03.25"]
[SourceQuality "1"]

1. e4 d6 2. d4 Nf6 3. Nc3 g6 4. Bg5 Bg7 5. Qd2 h6 6. Bh4 g5 7. Bg3 Nh5 8. O-O-O
{This is one of the critical tabyias of the Pirc. I have faced it many times
and tried virtually all the reasonable moves with Black.} c6 {So far, this has
been considered to be a sideline, but after being employed in this game by the
Ex-FIDE World Champion , it may become fashionable, despite the unfavourable
result. Black clears the a5-d8 diagonal, preparing the activation of the queen.
The main drawback is that a further break of the enemy centre with ...c5 will
suppose the loss of a tempo.} ({I have examined the main continuations in the
comments to} 8... Nc6 {Almasi,Z (2663)-Marin,M (2556)/Reggio Emilia 2008/CBM
128/[Marin,M] (1-0, 43)}) 9. Nce2 $5 {A rare move. White prevents ...Qa5 and
prepares to meet ...Nxg3 with Nxg3.} (9. f4 $6 {is interesting, but probably
premature.} Nxf4 $1 (9... Qa5 {is too cooperative.} 10. Nf3 Nd7 11. Kb1 b5 12.
e5 gxf4 13. Bh4 b4 14. Ne4 d5 15. Nf2 Nb6 16. b3 $16 {Smirin,I (2615)-Marin,M 
(2530)/Elista 1998/CBM 066 ext (1-0, 35)}) 10. Bxf4 gxf4 11. Nf3 (11. Qxf4 Bxd4
$1) 11... h5 12. Kb1 Bh6 13. e5 Bg4 14. exd6 Qxd6 $13) ({I gave up 8...c6
because of} 9. Be2 {, forcing Black to capture on g3 without having provoked
f2-f3.} Nxg3 10. hxg3 Qa5 $5 {This looks to be playable. Black develops his
queenside, putting some pressure on the enemy castled position and keeping the
possibility of castling long himself.} (10... b5 $6 {prematurely weakens the
queenside, without offering any attacking chances at all.} 11. f4 b4 12. Nb1
gxf4 13. gxf4 Qb6 14. Rh5 $1 $14 {Florescu,C (2320)-Marin,M (2530)/Bucharest
1998/CBM 069/[Marin,M] (1/2, 31)}) 11. f4 Be6 (11... Na6 12. Kb1 gxf4 $2 {
The opening of the fifth rank is premature.} 13. gxf4 b5 {Vedder,R (2222)
-Foisor,C (2315)/Antwerp 1999/CBM 075 ext (1/2, 34)} 14. Rh5 $16) 12. a3 Na6
13. f5 (13. Rh5 O-O-O 14. Kb1 c5 $132 {looks entirely playable for Black.})
13... Bd7 14. g4 c5 $132 {[%csl Ge5][%cal Gg7d4] 1/2 Markovic,I (2495)
-Vojinovic,G (2477)/Yugoslavia 2002/EXT 2006}) 9... Qb6 {This looks natural,
but weakening the defence of the d6-pawn offers White the possibility to open
play in the centre.} ({After} 9... Na6 $5 {the same plan would be less
effective.} 10. e5 Be6 11. exd6 exd6 {[%csl Gd6]} 12. Kb1 Nc7 $13) 10. e5 $1
$146 (10. h4 Nxg3 $2 (10... g4 $5 $13) 11. Nxg3 Be6 12. Nh5 $16 {Leino,J (2202)
-Paasikangas Tella,J (2304)/Finland 2001/EXT 2002 (1/2, 52)}) 10... dxe5 {
Black cannot maintain the tension in the centre.} (10... Be6 11. exd6 {forces}
Nxg3 {, activating the enemy knight.} 12. Nxg3 exd6 13. Nh5 $16) 11. Bxe5 Nf6
12. h4 Nbd7 $2 {After this move White gains a clear advantage by force.} ({
The tactical operation} 12... Ne4 13. Qe3 Nxf2 {does not work out well,
because Black is insufficiently well defended.} 14. Qxf2 (14. Bxg7 Qxb2+ $1 15.
Kd2 Nxd1 16. Kxd1 Rh7 $13) 14... Bxe5 15. Nf3 $36) (12... g4 $5 {looks like a
better try, aiming to keep the position closed.}) 13. hxg5 Ne4 (13... hxg5 14.
Rxh8+ Bxh8 15. Qxg5 $16 {Black is a pawn down and underdeveloped.}) 14. Bxg7 $1
{An elegant move, sacrificing the queen, but eliminating or trapping all the
black developed pieces with the exception of the b6-queen.} Nxd2 15. Rxd2 Rg8 (
15... Rh7 16. gxh6 Nf8 17. Nc3 {[%cal Gf1d3]} Bf5 18. d5 $40) 16. gxh6 Nf8 17.
h7 Nxh7 18. Rxh7 $16 {White has achieved considerable material advantage and
should count on winning the game.} Qa5 (18... Bf5 {is inefficient because of}
19. Rh8 $16) 19. d5 $6 ({White probably overlooked that after} 19. Nc3 $1 {
he would not only defend the a2-pawn, but also parry the threat of} Qf5 {
because of} 20. Bd3 $16) 19... Qxa2 20. Nc3 Qa5 $2 ({Black should not have
refrained from} 20... Qa1+ 21. Nb1 Bf5 22. Rh5 O-O-O $132) 21. Nf3 Bf5 22. Rh4
Rd8 23. Ra4 Qb6 24. Be5 $16 {Things have reentered the normal paths and Black
is in a hopeless situation.} f6 25. Bg3 Rg4 26. Nd4 Bd7 27. Be2 Rxg3 28. fxg3
c5 29. Ne6 Bxe6 30. dxe6 Rxd2 31. Kxd2 Qxe6 32. Rxa7 Qd6+ 33. Kc1 Qxg3 34. Bf3
Qe1+ 35. Bd1 Qg3 36. Bf3 Qe1+ 37. Nd1 b6 38. Rb7 Qa5 39. Kb1 c4 40. Nc3 Kf8 41.
Rb8+ Kg7 42. Rc8 Qb4 43. g4 Kh6 44. Rc6 Kg5 45. Be2 Kh4 46. Rxc4 Qa5 47. Re4
Qc5 48. Re6 Kh3 49. Ka2 Qb4 50. Re3+ Kh2 51. Re4 Qd6 52. Bc4 Kg3 53. Kb3 Qd7
54. Be6 Qc6 55. Bd5 Qc7 56. Bc4 Qd7 57. Be2 Kf2 58. Nd1+ Kg3 59. Ne3 Kf2 60.
Bc4 e5 61. Ka2 Qa4+ 62. Kb1 Qa5 63. Nd5 b5 64. Bd3 Qd8 65. Nc3 Kf3 66. Nxb5 Qb6
67. b3 Qc5 68. Kb2 Qb6 69. Nc3 Qc5 70. Be2+ Kg2 71. b4 Qc6 72. Bd3 Kg3 73. b5
Qb7 74. Rb4 Qe7 75. Nd5 1-0

[Event "EU-ch 8th"]
[Site "Dresden"]
[Date "2007.04.04"]
[Round "2"]
[White "Kacheishvili, Giorgi"]
[Black "Jianu, Vlad Cristian"]
[Result "0-1"]
[WhiteElo "2587"]
[BlackElo "2506"]
[Annotator "Marin,M"]
[PlyCount "90"]
[EventDate "2007.04.03"]
[EventType "swiss"]
[EventRounds "11"]
[EventCountry "GER"]
[SourceTitle "CBM 118"]
[Source "ChessBase"]
[SourceDate "2007.05.31"]
[SourceVersion "1"]
[SourceVersionDate "2007.05.31"]
[SourceQuality "1"]

1. g3 g6 2. Bg2 Bg7 3. d4 Nf6 4. e4 d6 5. Nc3 O-O 6. Nge2 c6 7. a4 Nbd7 8. h3
e5 9. Be3 b6 10. O-O Bb7 {This position is on the border between two different
openings: the Pirc and the Philidor. The fianchetto of the black dark-squared
bishop is characteristic of the former, but the slow queenside expansion is
frequently seen in the modern lines of the latter.} 11. g4 {White's natural
reaction is to gain space on the kingside, before Black's counterplay takes
concrete forms.} a6 12. Ng3 b5 {Not fearing any ghosts.} (12... h6 $6 {
prevents the threatened g5, but loses a tempo and weakens the kingside.} 13.
Qd2 (13. f4 exd4 14. Bxd4 b5 15. Qd2 b4 16. Nd1 c5 17. Bf2 Re8 18. Re1 Nb6 19.
Qd3 a5 20. c4 Nfd7 21. Ra2 Nf8 22. b3 Ne6 23. Ne2 Qc7 24. Ne3 Nd7 $14 {White
has more space but the position is not easy to handle, Klinger,J (2475)-Hansen,
C (2525)/Palma de Mallorca 1989/TD (0-1, 59)}) 13... exd4 14. Bxd4 Ne5 15. b3
Nh7 $6 16. f4 c5 17. Be3 Nc6 18. Rad1 {White is better developed and has a
clear advantage.} Qh4 19. Nge2 Nb4 20. Bf2 Qd8 21. Qxd6 $16 {Spasov,V (2570)
-Vujadinovic,G (2390)/Nis 1996/EXT 99 (1-0, 31)}) 13. Qd2 {White continues his
development refraining from early commitments yet.} (13. g5 {is currently
considered premature, but I believe that things are not that clear.} Ne8 {
[%csl Gf4,Gg5][%cal Ye8c7,Yc7e6]} 14. d5 $6 {Actually, I believe that only
this move is too committal.} (14. h4 $5 {overdefends the g5-pawn in view of
the possible exchanges on d4 and leaves Black with the not very simple task of
generating some counterplay.} b4 15. Nce2 c5 16. c3 $14 {Hirn,O (2200)-Stiller,
J (2155)/Roethenbach 1996/EXT 2004 (1/2-1/2, 22). In order to draw a
conclusion here, games at a high level are needed.}) 14... cxd5 (14... c5 15.
a5 $2 (15. axb5 {Shirov,S} axb5 16. Nxb5 $1 Ba6 17. Qe2 $1 f5 18. gxf6 Ndxf6
$14 {/\ h5!?}) 15... f6 16. h4 fxg5 17. Bxg5 (17. hxg5 {Shirov} Rf4 $1) 17...
Bf6 18. Qd2 Bxg5 19. hxg5 Rf4 20. Nce2 Qxg5 $44 {Palkovi,J (2470)-Shirov,A 
(2695)/Germany 1995/GER-chT (0-1, 32)}) (14... b4 {Shirov} 15. dxc6 Bxc6 16.
Nd5 a5 17. Qd2 $14) 15. Nxd5 Nc7 16. axb5 axb5 17. Qe2 Nc5 18. Rxa8 Bxa8 19.
Rd1 N5e6 20. Nxc7 Qxc7 21. Qxb5 Rb8 22. Qa4 Bc6 23. Qa2 Nf4 24. c3 h6 $44 {
Mohr,G (2480)-Chernin,A (2640)/Portoroz 1997/CBM 061 (1/2-1/2, 42)}) 13... exd4
{The start of some thematic counterplay.} 14. Bxd4 b4 15. Nce2 c5 16. Be3 Qe7 (
16... Ne8 17. Rfd1 a5 18. b3 Rc8 19. Bg5 f6 20. Bf4 Ne5 21. Be3 Qe7 22. Nf4 Nf7
23. Nd5 Qd8 24. f4 $14 {Solak,D (2568)-Dujkovic,S (2365)/Vrnjacka Banja SCG
2005/TWIC 573 (1/2-1/2, 36)}) 17. Rad1 {Black has achieved an active queenside
position, but faces the concrete threat against the backward d6-pawn.} Ne5 $146
(17... Nxe4 $2 18. Bxe4 Bxe4 19. Qxd6 Qxd6 20. Rxd6 Bxc2 21. Rxd7 Rfc8 22. Rd2
Bxa4 23. Ne4 c4 24. Rc1 $16 {Shaw,J (2335)-McNab,C (2465)/Oban 1996/EXT 98 
(1-0, 53)}) 18. b3 ({Actually, White could have tried} 18. Qxd6 Qxd6 19. Rxd6
Nc4 20. Rd3 $1 {[%csl Ge3]} (20. Rdd1 $6 Nxe3 $1 (20... Nxb2 21. e5 Bxg2 22.
Kxg2 Nxd1 23. Rxd1 $14 {[%csl Gc5,Gf6]}) 21. fxe3 Rfe8 $15) 20... Nxb2 21. e5 (
21. g5 Nh5) 21... Bxg2 22. Kxg2 Nxg4 23. hxg4 Nxd3 24. cxd3 $14 {This ending
is not too simple to play or evaluate, but instinctively I would prefer
White's knights.}) 18... Rfd8 {Now that he has defended this pawn, Black has
an entirely viable position, although White retains an advantage of space in
the centre and on the kingside.} ({The freeing move} 18... d5 $6 {is probably
premature.} 19. exd5 (19. f4 Nexg4 20. hxg4 Nxg4 $44 21. e5 $2 Qh4 $1 $40)
19... Nxd5 20. Bg5 $1 (20. Bxd5 Rad8 21. Bg5 Bxd5 {[%cal Ye5f3]} 22. Qxd5 Qxg5
$13) 20... Bf6 21. Bxf6 Nxf6 22. Qd6 Rfe8 23. Qxe7 Rxe7 24. Bxb7 Rxb7 25. f4
Ned7 26. g5 Ne8 27. Rd5 $14) 19. Bh6 {A double-edged decision. For attacking
purposes, it is useful to exchange the dark-squared bishops, but strategically
this exchange favours Black, given the queenside configuration.} ({An
alternate way to proceed would be} 19. f4 Nc6 20. g5 Ne8 21. h4 Nc7 {with
similar evaluation as in the game: White has more space, but Black has
regrouped in optimal way and is looking forward to eventual simplifications in
order to take advantage of his queenside advantage.}) 19... Qf8 (19... d5 20.
Bxg7 Kxg7 21. Qg5 (21. f4 Nxe4 $1) 21... Kh8 22. f4 $36) 20. Bxg7 Qxg7 21. Nf4
$6 {Rather hesitant.} (21. g5 Ne8 22. f4 Nc6 $14) 21... Nc6 {[%csl Gd4]} 22.
Nfe2 Qf8 23. f4 Qe7 24. g5 Ne8 25. h4 Nc7 {[%cal Gc7e6] Black has completed
his regroupment. All his pieces occupy good squares, whereas White still has
problems with the activation of his e2-knight.} 26. f5 {[%csl Re5,Ye6]} (26. h5
Ne6 {[%csl Gd4]}) 26... Ne5 27. h5 $6 {Burning all his bridges behind him.} (
27. Nf4 {would have prevented the freeing advance of the d-pawn, maintaining
the spatial advantage. Black could simply improve his position with} a5 $13 {
[%cal Yb7a6] with approximate equality in a strategically sharp position.})
27... d5 $132 {Suddenly, the position has become double-edged. White is not
worse, yet, but he cannot count on absolute safety anymore.} 28. hxg6 hxg6 29.
Qf4 dxe4 30. f6 Qe6 31. Nxe4 Bxe4 32. Qxe4 Rxd1 33. Rxd1 Re8 34. Ng3 c4 35. Qh4
cxb3 36. Qh6 Qb6+ 37. Kh1 Ne6 38. Bh3 bxc2 39. Rf1 Qc6+ 40. Kh2 c1=Q 41. Rxc1
Nf3+ 42. Kg2 Nf4+ 43. Kf2 Qb6+ 44. Kxf3 Re3+ 45. Kf2 Rc3+ 0-1